Random 'Top and Tail' Word Quiz - C - Statistics

General Stats
  • This quiz has been taken 133 times
  • The average score is 10 of 20
Answer Stats
Hint Letters Answer % Correct
Church that accepts the Pope as its leader 8 Catholic
100%
Relating to the heart 7 Cardiac
90%
Elegant and stylish 4 Chic
85%
Relating to the culture of Scotland, Wales and Ireland 5 Celtic
78%
Relating to the filming of motion pictures 9 Cinematic
77%
Relating to comedy 5 Comic
77%
Very harmful or disastrous 12 Catastrophic
72%
US luxury car manufacturer 8 Cadillac
71%
Completely unordered and unpredictable 7 Chaotic
70%
Relating to the universe 6 Cosmic
68%
Having three dimensions 5 Cubic
67%
Healthcare facility for outpatient care 6 Clinic
66%
Russian alphabet 8 Cyrillic
63%
High quality brandy from a specific region of France 6 Cognac
60%
Like the rings on an archery target 10 Concentric
57%
Something used on face or body to improve appearance 8 Cosmetic
55%
Relating to a violent tropical storm 8 Cyclonic
54%
Emotionally purging 9 Cathartic
53%
Relating to the exciting ending of a story or situation 9 Climactic
53%
Someone who expresses a reasoned judgment 6 Critic
52%
Acute abdominal pain, especially in infants 5 Colic
51%
Having a rosy, childlike appearance 8 Cherubic
47%
Something made from clay fired at a high temperature 7 Ceramic
45%
Someone who is critical of the motives of others 5 Cynic
44%
Exercises that rely on one's own body weight 11 Calisthenic
42%
Describes someone who is in an unresponsive stupor 9 Catatonic
42%
Possessing an extraordinary ability to attract 11 Charismatic
41%
990 in Roman numerals 4 CMXC
41%
Having a secret or hidden meaning 7 Cryptic
37%
Afro-Asiatic language descended from ancient Egyptian 6 Coptic
36%
Harsh or corrosive 7 Caustic
33%
Something with the potential to cause cancer 12 Carcinogenic
28%
Musical scale consisting entirely of half steps 9 Chromatic
24%
Having a timeless high quality, used as a reference 7 Classic
24%
Old-fashioned vehicle used by groups of sightseers 9 Charabanc
18%
Acid derived from coal tar 8 Carbolic
14%
Jar used by the Egyptians during mummification 7 Canopic
11%
Relating to heat production 9 Calorific
10%
Relating to very low temperatures 9 Cryogenic
8%
Legendary Welsh Knight of the Round Table 7 Caradoc
0%
No matching quizzes found
Score Distribution
Percent of People with Each Score
Percentile by Number Answered
Your Score History
You have not taken this quiz